000 00410 a2200109 4500
001 ART_42183
005 20260410161806.0
008 260409a
245 1 0 _aReflejos del Proyecto de Código Civil y Comercial en materia concursal
100 1 _aJunyent Bas, Francisco
773 0 _tDoctrina Societaria y Concursal
_gProyecto de reforma de los Códigos Civil y Comercial (sep. 2012)
_wREV4298
999 _c21027
_d21027